Flight Simulator Design and Performance Data Requirements (Record no. 23681)
[ view plain ]
| 000 -LEADER | |
|---|---|
| fixed length control field | 01339nam a22002297a 4500 |
| 003 - CONTROL NUMBER IDENTIFIER | |
| control field | NUST |
| 005 - DATE AND TIME OF LATEST TRANSACTION | |
| control field | 20170606130524.0 |
| 008 - FIXED-LENGTH DATA ELEMENTS--GENERAL INFORMATION | |
| fixed length control field | 131231b xxu||||| |||| 00| 0 eng d |
| 020 ## - INTERNATIONAL STANDARD BOOK NUMBER | |
| International Standard Book Number | 92917151506 |
| Terms of availability | Available |
| 040 ## - CATALOGING SOURCE | |
| Original cataloging agency | DLC |
| Language of cataloging | DLC |
| Transcribing agency | RCMS |
| 050 ## - LIBRARY OF CONGRESS CALL NUMBER | |
| Classification number | 629.132 IAT |
| 082 ## - DEWEY DECIMAL CLASSIFICATION NUMBER | |
| Edition number | 6th, ed. |
| Classification number | 629.132 IAT |
| Author Mark | 002113 |
| 100 ## - MAIN ENTRY--PERSONAL NAME | |
| Personal name | International Air Transport Association |
| 9 (RLIN) | 2090 |
| 245 ## - TITLE STATEMENT | |
| Title | Flight Simulator Design and Performance Data Requirements |
| Statement of responsibility, etc. | International Air Transport Assocation |
| 260 ## - PUBLICATION, DISTRIBUTION, ETC. | |
| Place of publication, distribution, etc. | Geneva |
| Name of publisher, distributor, etc. | International Air Transport Assocation |
| Date of publication, distribution, etc. | c2000 |
| 300 ## - PHYSICAL DESCRIPTION | |
| Extent | xii,210,p: |
| Other physical details | ill: |
| Dimensions | 24,cm. |
| 538 ## - SYSTEM DETAILS NOTE | |
| Display text | Shelf # 10, Row # 6, Mechanical & Aerospace.<br/><br/>Shelf No 1 Row No 3 |
| 650 ## - SUBJECT ADDED ENTRY--TOPICAL TERM | |
| General subdivision | Flight Simulator Design |
| 9 (RLIN) | 2091 |
| 856 ## - ELECTRONIC LOCATION AND ACCESS | |
| Materials specified | Table of Content Only |
| 942 ## - ADDED ENTRY ELEMENTS (KOHA) | |
| Source of classification or shelving scheme | |
| Koha item type | Book |
| Classification part | 629.132 IAT |
| Withdrawn status | Lost status | Source of classification or shelving scheme | Damaged status | Not for loan | Permanent Location | Current Location | Shelving location | Date acquired | Total Checkouts | Full call number | Barcode | Date last seen | Price effective from | Koha item type | Date last checked out |
|---|---|---|---|---|---|---|---|---|---|---|---|---|---|---|---|
| School of Interdisciplinary Engineering and Sciences (SINES) | School of Interdisciplinary Engineering and Sciences (SINES) | General Stacks | 09/03/2014 | 629.132 IAT | RCMS002113 | 09/03/2014 | 09/03/2014 | Book | |||||||
| School of Interdisciplinary Engineering and Sciences (SINES) | School of Interdisciplinary Engineering and Sciences (SINES) | General Stacks | 09/03/2014 | 629.132 IAT | RCMS002114 | 09/03/2014 | 09/03/2014 | Book | |||||||
| School of Interdisciplinary Engineering and Sciences (SINES) | School of Interdisciplinary Engineering and Sciences (SINES) | General Stacks | 09/03/2014 | 629.132 IAT | RCMS002115 | 09/03/2014 | 09/03/2014 | Book | |||||||
| School of Interdisciplinary Engineering and Sciences (SINES) | School of Interdisciplinary Engineering and Sciences (SINES) | General Stacks | 09/03/2014 | 629.132 IAT | RCMS002116 | 09/03/2014 | 09/03/2014 | Book | |||||||
| School of Interdisciplinary Engineering and Sciences (SINES) | School of Interdisciplinary Engineering and Sciences (SINES) | General Stacks | 09/03/2014 | 1 | 629.132 IAT | RCMS002117 | 01/14/2020 | 09/03/2014 | Book | 01/14/2020 |
